[Event "Altea Cap Negret op 65+ 1st"]
[Site "Altea"]
[Date "2023.11.13"]
[Round "2"]
[White "Fernandes, Jose Costa Jr"]
[Black "Vinal Gutierrez, Pedro"]
[Result "1-0"]
[WhiteElo "2231"]
[BlackElo "1874"]
[PlyCount "79"]
[EventDate "2023.11.12"]
[EventType "swiss"]
[EventRounds "8"]
[EventCountry "ESP"]
[SourceTitle "CB49_2023"]
[SourceDate "2023.12.06"]
[SourceVersion "1"]
[SourceVersionDate "2023.12.06"]
[SourceQuality "1"]

1. e4 e6 2. d4 d5 3. Nd2 c5 4. Ngf3 cxd4 5. Nxd4 Nc6 6. Bb5 Bd7 7. Nxc6 bxc6 8. Bd3 Bd6 9. Qe2 Ne7 10. Nf3 Ng6 11. e5 Be7 12. 0-0 0-0 13. Re1 c5 14. c3 Rb8 15. b3 Qb6 16. h4 Rfd8 17. h5 Nf8 18. h6 g6 19. Bg5 Bxg5 20. Nxg5 Be8 21. Qf3 Nd7 22. c4 d4 23. Ne4 f5 24. exf6 Bf7 25. Qf4 e5 26. Qg5 Qc7 27. Ng3 Re8 28. Re2 Rb6 29. Nh5 e4 30. Rxe4 Rxe4 31. Bxe4 Re6 32. Ng3 Nxf6 33. Bf5 Qe5 34. f4 Qe3+ 35. Kh2 Rd6 36. Bh3 d3 37. Nf5 Qe6 38. Nxd6 Qxd6 39. Qe5 Qc6 40. Rd1 1-0

[Event "ESP-ch rapid"]
[Site "Linares"]
[Date "2019.08.24"]
[Round "6"]
[White "Vinal Gutierrez, Pedro"]
[Black "Quiros Cueto, Pelayo"]
[Result "0-1"]
[WhiteElo "2005"]
[BlackElo "2166"]
[PlyCount "60"]
[EventDate "2019.08.24"]
[EventType "swiss (rapid)"]
[EventRounds "9"]
[EventCountry "ESP"]
[SourceTitle "EXT 2020"]
[Source "ChessBase"]
[SourceDate "2019.10.17"]
[SourceVersion "1"]
[SourceVersionDate "2019.10.17"]
[SourceQuality "1"]

1. e4 c5 2. Nc3 e6 3. f4 Nc6 4. Bb5 Nge7 5. Nf3 a6 6. Bxc6 Nxc6 7. 0-0 Be7 8. d3 d6 9. f5 Bf6 10. Bf4 b5 11. fxe6 Bxe6 12. Nd5 Bxd5 13. exd5 Ne7 14. Bg5 Nxd5 15. Re1+ Kf8 16. Qd2 h6 17. Bxf6 Qxf6 18. c4 Nb4 19. d4 bxc4 20. dxc5 dxc5 21. Ne5 Kg8 22. Nxc4 Rd8 23. Qe2 h5 24. Ne5 Re8 25. Kh1 Qf5 26. Rad1 Nc2 27. Rf1 Rxe5 28. Rxf5 Rxe2 29. Rxc5 Rh6 30. a3 Ne3 0-1

[Event "Euskadi-ch Seniors 29th"]
[Site "Zarautz"]
[Date "2019.06.23"]
[Round "5"]
[White "Albaina Alvarez, Alvaro Ignacio"]
[Black "Vinal Gutierrez, Pedro"]
[Result "0-1"]
[WhiteElo "2061"]
[BlackElo "2026"]
[PlyCount "50"]
[EventDate "2019.06.22"]
[EventType "swiss"]
[EventRounds "6"]
[EventCountry "ESP"]
[SourceTitle "CBM 192 Extra"]
[Source "Chessbase"]
[SourceDate "2019.11.06"]
[SourceVersion "1"]
[SourceVersionDate "2019.11.06"]
[SourceQuality "1"]

1. e4 e6 2. d4 d5 3. Nc3 Bb4 4. Nge2 Nf6 5. Bg5 dxe4 6. a3 Be7 7. Bxf6 gxf6 8. Nxe4 b6 9. Nf4 f5 10. Ng3 Bb7 11. Bb5+ c6 12. Bc4 Qd6 13. Ngh5 Rg8 14. Qd3 Nd7 15. 0-0-0 0-0-0 16. Ba6 Nf6 17. Bxb7+ Kxb7 18. Qf3 Ne4 19. Kb1 Bg5 20. Ka1 Rd7 21. Ne2 Rgd8 22. Nhg3 Qd5 23. Rhe1 Nd6 24. Qxd5 cxd5 25. Nc1 Nc4 0-1

[Event "Gibraltar Challengers op-B"]
[Site "Caleta"]
[Date "2019.01.29"]
[Round "4"]
[White "Nandi, Robin J"]
[Black "Vinal Gutierrez, Pedro"]
[Result "1-0"]
[WhiteElo "1903"]
[BlackElo "1997"]
[PlyCount "67"]
[EventDate "2019.01.26"]
[EventType "swiss"]
[EventRounds "5"]
[EventCountry "GGB"]
[SourceTitle "CBM 188 Extra"]
[Source "ChessBase"]
[SourceDate "2019.02.26"]
[SourceVersion "1"]
[SourceVersionDate "2019.02.26"]
[SourceQuality "1"]

1. d4 e6 2. c4 d5 3. Nf3 c6 4. g3 dxc4 5. Bg2 b5 6. Ne5 Bb7 7. a4 Qc8 8. 0-0 Nf6 9. e4 Be7 10. Nc3 a6 11. d5 b4 12. d6 Bd8 13. Nb1 c5 14. Re1 Nbd7 15. Nxc4 0-0 16. a5 e5 17. Nbd2 Re8 18. b3 Nb8 19. Bb2 Nc6 20. Nf3 Nd7 21. Bh3 f6 22. Qd5+ Kf8 23. Bxd7 Qxd7 24. Qxc5 Rc8 25. Qe3 Nb8 26. Red1 Bc6 27. Nh4 Qb7 28. d7 Nxd7 29. Nd6 Qa8 30. Nxc8 Qxc8 31. Nf5 Re6 32. Qd2 Qb8 33. Rac1 Bb5 34. Qxb4+ 1-0

[Event "Gibraltar Challengers op-B"]
[Site "Caleta"]
[Date "2019.01.28"]
[Round "3"]
[White "Pereira Lopez, Aketza"]
[Black "Vinal Gutierrez, Pedro"]
[Result "1-0"]
[WhiteElo "1861"]
[BlackElo "1997"]
[PlyCount "79"]
[EventDate "2019.01.26"]
[EventType "swiss"]
[EventRounds "5"]
[EventCountry "GGB"]
[SourceTitle "CBM 188 Extra"]
[Source "ChessBase"]
[SourceDate "2019.02.26"]
[SourceVersion "1"]
[SourceVersionDate "2019.02.26"]
[SourceQuality "1"]

1. e4 e6 2. Nf3 d5 3. e5 c5 4. b4 d4 5. bxc5 Bxc5 6. Ba3 Qa5 7. Bxc5 Qxc5 8. c3 Nc6 9. cxd4 Nxd4 10. Qa4+ Bd7 11. Qxd4 Qc1+ 12. Ke2 Bb5+ 13. d3 Rd8 14. Nbd2 Qc7 15. Qb2 Bxd3+ 16. Ke1 Ne7 17. Rc1 Nc6 18. Qa3 Bxf1 19. Kxf1 Rd5 20. Nc4 f6 21. g3 Kd8 22. Kg2 Kc8 23. Nd6+ Kb8 24. Rb1 Na5 25. Rhc1 Qd7 26. Rc5 fxe5 27. Rxd5 exd5 28. Nxe5 Qc7 29. Rb5 b6 30. Qxa5 Qxd6 31. Nf7 Qc6 32. Nxh8 d4+ 33. Kh3 Qe6+ 34. Kh4 Qe7+ 35. Kg4 Qe4+ 36. Kg5 h6+ 37. Kh5 Qf3+ 38. Kg6 Qe4+ 39. Kxg7 Qb7+ 40. Nf7 1-0

[Event "Euskadi-chT (Vasca) Div 1st"]
[Site "Bergara"]
[Date "2019.01.12"]
[Round "1.3"]
[White "Vinal Gutierrez, Pedro"]
[Black "Arnal Iturgaitz, Aitor Pablo"]
[Result "1-0"]
[WhiteElo "1997"]
[BlackElo "2060"]
[PlyCount "100"]
[EventDate "2019.01.12"]
[EventType "team-tourn"]
[EventRounds "9"]
[EventCountry "ESP"]
[SourceTitle "EXT 2021"]
[Source "ChessBase"]
[SourceDate "2020.10.23"]
[SourceVersion "1"]
[SourceVersionDate "2020.10.23"]
[SourceQuality "1"]
[WhiteTeam "Oberena  II"]
[BlackTeam "Egidazu"]
[WhiteTeamCountry "ESP"]
[BlackTeamCountry "ESP"]

1. d4 Nf6 2. Bf4 d6 3. e3 g6 4. h3 Bg7 5. Nf3 b6 6. c3 Bb7 7. Nbd2 Nbd7 8. Bc4 0-0 9. 0-0 Qe8 10. b4 e5 11. Bh2 Qe7 12. Qb3 e4 13. Ne1 c5 14. bxc5 dxc5 15. a4 a6 16. Nc2 Ne8 17. Be2 Rc8 18. Rac1 Kh8 19. Rfe1 f5 20. f4 Nd6 21. Na3 Nf6 22. Nf1 Nd5 23. Nc4 Nxc3 24. Nxb6 Nxe2+ 25. Rxe2 c4 26. Nxc8 Rxc8 27. Qb4 Bf8 28. Bg3 Qc7 29. Qc3 Bd5 30. Bh4 Kg7 31. Be1 Qd7 32. Ra2 Nb7 33. Raa1 Nd8 34. Nd2 Qe6 35. Rab1 Nc6 36. a5 Na7 37. Rb6 Nb5 38. Qa1 Qd7 39. Nb1 Bd6 40. Nc3 Bc7 41. Na4 Qd8 42. Rxa6 Bb7 43. Re6 Bd5 44. Nc5 Kg8 45. Ra6 Qe8 46. Qa4 Bd6 47. Rb6 Bxc5 48. Qxb5 Qxb5 49. Rxb5 Ba3 50. Rc3 Bc6 1-0

[Event "Seville op 43rd"]
[Site "Seville"]
[Date "2018.01.13"]
[Round "2"]
[White "Lei, Tingjie"]
[Black "Vinal Gutierrez, Pedro"]
[Result "1/2-1/2"]
[WhiteElo "2531"]
[BlackElo "2036"]
[PlyCount "44"]
[EventDate "2018.01.12"]
[EventType "swiss"]
[EventRounds "9"]
[EventCountry "ESP"]
[SourceTitle "CBM 182 Extra"]
[Source "ChessBase"]
[SourceDate "2018.02.23"]
[SourceVersion "1"]
[SourceVersionDate "2018.02.23"]
[SourceQuality "1"]

1. e4 e6 2. d4 d5 3. Nc3 Nf6 4. Bg5 Be7 5. e5 Nfd7 6. h4 h6 7. Bxe7 Qxe7 8. Qd2 a6 9. f4 b6 10. Nf3 Bb7 11. h5 Nc6 12. 0-0-0 0-0-0 13. Kb1 Kb8 14. g4 Na5 15. f5 Nc4 16. Bxc4 dxc4 17. Qf4 b5 18. d5 exd5 19. Nxd5 Qc5 20. e6 fxe6 21. fxe6 Bxd5 22. exd7 Rxd7 1/2-1/2

[Event "Benidorm op U2300 16th"]
[Site "Benidorm"]
[Date "2017.12.01"]
[Round "1"]
[White "Amdouni, Zoubaier"]
[Black "Vinal Gutierrez, Pedro"]
[Result "1/2-1/2"]
[WhiteElo "2272"]
[BlackElo "2074"]
[PlyCount "138"]
[EventDate "2017.12.01"]
[EventType "swiss"]
[EventRounds "10"]
[EventCountry "ESP"]
[SourceTitle "EXT 2019"]
[Source "ChessBase"]
[SourceDate "2018.10.10"]
[SourceVersion "1"]
[SourceVersionDate "2018.10.10"]
[SourceQuality "1"]

1. e4 e6 2. d4 d5 3. Nd2 c5 4. exd5 Qxd5 5. Ngf3 cxd4 6. Bc4 Qd7 7. 0-0 Nc6 8. Nb3 Nf6 9. Qe2 Be7 10. Rd1 0-0 11. Nbxd4 Nxd4 12. Rxd4 Qc7 13. Bg5 Rd8 14. Rad1 Rxd4 15. Rxd4 Ne8 16. Bxe7 Qxe7 17. Qd3 a6 18. Rd8 b5 19. Ng5 g6 20. Bb3 Bb7 21. Nxf7 Rxd8 22. Nxd8 Bc8 23. h3 Ng7 24. Qd4 Bd7 25. Qb6 Bc8 26. c3 Qd7 27. a4 bxa4 28. Bc4 Kf8 29. Qc5+ Ke8 30. Nc6 Qc7 31. Be2 Nf5 32. Qc4 Nd6 33. Qxa4 Bd7 34. Bf3 Qb6 35. Qa5 Nc4 36. Qxb6 Nxb6 37. Na5 Na4 38. Be2 Nxb2 39. Bxa6 Na4 40. c4 Ke7 41. Nb3 Kd6 42. Kf1 Nc5 43. Nxc5 Kxc5 44. Ke2 Kd4 45. Bb5 Bc8 46. f4 Bb7 47. g4 Bg2 48. h4 Be4 49. g5 Bd3+ 50. Kf3 Be4+ 51. Kg3 Bd3 52. Be8 Bxc4 53. Bf7 Bd5 54. Bg8 e5 55. Bxh7 exf4+ 56. Kxf4 Bf7 57. Kg4 Ke5 58. Kg3 Kf5 59. Kf3 Bd5+ 60. Ke3 Kg4 61. Bxg6 Bc6 62. Bf7 Bd7 63. g6 Bf5 64. h5 Kg5 65. Kd4 Kf6 66. Ke3 Bg4 67. h6 Bf5 68. h7 Kg7 69. Kf4 Bxg6 1/2-1/2

[Event "ESP-ch Seniors 65+"]
[Site "Altea"]
[Date "2017.10.12"]
[Round "6"]
[White "Coll Sola, Joan"]
[Black "Vinal Gutierrez, Pedro"]
[Result "1/2-1/2"]
[WhiteElo "2045"]
[BlackElo "2041"]
[PlyCount "55"]
[EventDate "2017.10.07"]
[EventType "swiss"]
[EventRounds "9"]
[EventCountry "ESP"]
[SourceTitle "CBM 181 Extra"]
[Source "ChessBase"]
[SourceDate "2017.12.12"]
[SourceVersion "1"]
[SourceVersionDate "2017.12.12"]
[SourceQuality "1"]

1. e4 e6 2. d4 d5 3. Nd2 c5 4. exd5 Qxd5 5. Ngf3 cxd4 6. Bc4 Qd7 7. 0-0 Nc6 8. Nb3 Nf6 9. Nbxd4 Nxd4 10. Nxd4 a6 11. Bf4 Bc5 12. Nb3 Be7 13. Re1 b5 14. Be2 Qxd1 15. Raxd1 Bb7 16. c4 bxc4 17. Bxc4 0-0 18. Na5 Be4 19. Bg5 Bc2 20. Rc1 Bb4 21. Re2 Ba4 22. Nb3 Rfd8 23. h3 h6 24. Be3 Nd5 25. Bc5 Bxc5 26. Nxc5 Bb5 27. Bxb5 axb5 28. a3 1/2-1/2

[Event "ESP-ch Seniors 65+"]
[Site "Altea"]
[Date "2017.10.11"]
[Round "5"]
[White "Vinal Gutierrez, Pedro"]
[Black "Dominguez Rueda, Juan"]
[Result "0-1"]
[WhiteElo "2041"]
[BlackElo "2135"]
[PlyCount "68"]
[EventDate "2017.10.07"]
[EventType "swiss"]
[EventRounds "9"]
[EventCountry "ESP"]
[SourceTitle "CBM 181 Extra"]
[Source "ChessBase"]
[SourceDate "2017.12.12"]
[SourceVersion "1"]
[SourceVersionDate "2017.12.12"]
[SourceQuality "1"]

1. d4 Nf6 2. Bf4 d6 3. e3 Nbd7 4. Nf3 Nh5 5. Bg5 h6 6. Bh4 g5 7. Nfd2 Ndf6 8. Bg3 Bf5 9. Qf3 Nxg3 10. hxg3 Qc8 11. e4 Be6 12. Nc3 Bg7 13. 0-0-0 Bg4 14. Qe3 Bxd1 15. Kxd1 Ng4 16. Qe2 Bxd4 17. Kc1 Nxf2 18. Rh2 Ng4 19. Rh1 Bxc3 20. bxc3 Qd7 21. Nb3 0-0-0 22. Qd2 Qa4 23. Kb2 Ne5 24. Qe3 b5 25. Be2 Nc4+ 26. Bxc4 bxc4 27. Nd4 Kd7 28. e5 Rb8+ 29. Ka1 e6 30. Qf3 Rhf8 31. exd6 c5 32. Qf6 cxd4 33. Qe7+ Kc6 34. d7 Qxc2 0-1

[Event "ESP-ch Seniors 65+"]
[Site "Altea"]
[Date "2017.10.10"]
[Round "4"]
[White "Serra Olives, Tomas"]
[Black "Vinal Gutierrez, Pedro"]
[Result "0-1"]
[WhiteElo "2146"]
[BlackElo "2041"]
[PlyCount "110"]
[EventDate "2017.10.07"]
[EventType "swiss"]
[EventRounds "9"]
[EventCountry "ESP"]
[SourceTitle "CBM 181 Extra"]
[Source "ChessBase"]
[SourceDate "2017.12.12"]
[SourceVersion "1"]
[SourceVersionDate "2017.12.12"]
[SourceQuality "1"]

1. e4 e6 2. d4 d5 3. Nc3 Nf6 4. e5 Nfd7 5. f4 c5 6. Nf3 Nc6 7. Be3 Qb6 8. Na4 Qc7 9. c3 c4 10. b4 g6 11. Be2 Ne7 12. 0-0 Nf5 13. Bf2 Nb6 14. Nc5 Bd7 15. a4 a5 16. b5 Nc8 17. g4 Ng7 18. Qc2 b6 19. Na6 Qb7 20. Bh4 Na7 21. Rab1 Nc8 22. Bf6 Ne7 23. Nd2 h5 24. gxh5 gxh5 25. Rbe1 Nef5 26. Bf3 Rh6 27. Kf2 Be7 28. Bxe7 Kxe7 29. Qa2 Qc8 30. Rg1 Rg6 31. Qa3+ Ke8 32. Rxg6 fxg6 33. Rg1 Kf7 34. Nf1 Qd8 35. Rg5 Rc8 36. Ne3 Be8 37. Qc1 Nxe3 38. Kxe3 Qe7 39. Kf2 Kg8 40. f5 exf5 41. Bxd5+ Kh7 42. h4 Qd7 43. Bc6 Rxc6 44. bxc6 Qxc6 45. Qa3 Qe4 46. Nc7 Qxh4+ 47. Ke2 Qxg5 48. Nxe8 Qg4+ 49. Ke1 Qg3+ 50. Kf1 Qf4+ 51. Kg1 Qe3+ 52. Kg2 Nxe8 53. Qf8 Ng7 54. Qd6 f4 55. Qf6 Qe2+ 0-1

[Event "Navarra-ch final"]
[Site "Pamplona"]
[Date "2017.05.06"]
[Round "6"]
[White "Jimenez Almeida, Luis David"]
[Black "Vinal Gutierrez, Pedro"]
[Result "1/2-1/2"]
[WhiteElo "2252"]
[BlackElo "2007"]
[PlyCount "62"]
[EventDate "2017.03.11"]
[EventType "swiss"]
[EventRounds "7"]
[EventCountry "ESP"]
[SourceTitle "EXT 2018"]
[Source "ChessBase"]
[SourceDate "2017.10.13"]
[SourceVersion "1"]
[SourceVersionDate "2017.10.13"]
[SourceQuality "1"]

1. Nf3 d5 2. c4 e6 3. g3 c6 4. Qc2 f5 5. Bg2 Nf6 6. 0-0 Bd6 7. d3 0-0 8. Nc3 Nbd7 9. e4 fxe4 10. dxe4 dxc4 11. Qe2 e5 12. Qxc4+ Kh8 13. Bg5 Qe7 14. h3 Nc5 15. Rfd1 Be6 16. Qe2 Rad8 17. Nh4 Qf7 18. b3 Bc7 19. Be3 Rxd1+ 20. Rxd1 Bb6 21. Nf3 Qh5 22. b4 Ncxe4 23. Nxe4 Nxe4 24. Bxb6 Nc3 25. Qd3 Nxd1 26. Bc5 e4 27. Qxd1 Rxf3 28. Bxf3 exf3 29. Qd8+ Bg8 30. Kh2 Qd5 31. Qxd5 Bxd5 1/2-1/2

[Event "San Sebastian op 40th"]
[Site "San Sebastian"]
[Date "2017.04.13"]
[Round "7"]
[White "Vinal Gutierrez, Pedro"]
[Black "Becerra, Juan David"]
[Result "0-1"]
[WhiteElo "2007"]
[BlackElo "2341"]
[PlyCount "86"]
[EventDate "2017.04.08"]
[EventType "swiss"]
[EventRounds "9"]
[EventCountry "ESP"]
[SourceTitle "CBM 177 Extra"]
[Source "ChessBase"]
[SourceDate "2017.04.27"]
[SourceVersion "1"]
[SourceVersionDate "2017.04.27"]
[SourceQuality "1"]

1. e4 c5 2. Nc3 g6 3. f4 Bg7 4. Nf3 Nc6 5. Bb5 Nd4 6. Bc4 e6 7. d3 Ne7 8. Nxd4 cxd4 9. Ne2 0-0 10. 0-0 d5 11. Bb3 a5 12. a3 Bd7 13. e5 Nc6 14. Bd2 f6 15. exf6 Qxf6 16. Qe1 a4 17. Ba2 Kh8 18. Qg3 Ne7 19. Bb4 Rfc8 20. c3 Nf5 21. Qf3 dxc3 22. bxc3 Bc6 23. d4 Bb5 24. g4 Ne7 25. Rac1 Nc6 26. Bc5 Bf8 27. Bxf8 Qxf8 28. c4 dxc4 29. Bxc4 Nxd4 30. Nxd4 Bxc4 31. Rfd1 e5 32. fxe5 Qxf3 33. Nxf3 Be2 34. Kf2 Bxd1 35. Rxd1 Rc2+ 36. Ke3 Rc3+ 37. Ke4 Rxa3 38. Rd7 Rxf3 39. Kxf3 a3 40. e6 a2 41. e7 a1Q 42. Rd8+ Kg7 43. e8Q Qf6+ 0-1

[Event "Navarra-ch"]
[Site "Pamplona"]
[Date "2017.03.25"]
[Round "2"]
[White "Vinal Gutierrez, Pedro"]
[Black "Sancinena Arpide, Juan"]
[Result "1-0"]
[WhiteElo "2007"]
[BlackElo "1663"]
[PlyCount "69"]
[EventDate "2017.03.11"]
[EventType "swiss"]
[EventRounds "7"]
[EventCountry "ESP"]
[SourceTitle "EXT 2018"]
[Source "ChessBase"]
[SourceDate "2017.10.13"]
[SourceVersion "1"]
[SourceVersionDate "2017.10.13"]
[SourceQuality "1"]

1. d4 d5 2. c4 e6 3. Nc3 Nf6 4. cxd5 exd5 5. Bg5 c6 6. e3 Be7 7. Bd3 Ne4 8. Bf4 Nxc3 9. bxc3 Bd6 10. Ne2 Bg4 11. f3 Bh5 12. 0-0 0-0 13. Qb1 b5 14. Bxh7+ Kh8 15. Bd3 f6 16. Bxd6 Qxd6 17. Nf4 Bf7 18. Qe1 f5 19. Qh4+ Qh6 20. Qxh6+ gxh6 21. Bxf5 Na6 22. e4 dxe4 23. fxe4 Kg7 24. Rf3 Bc4 25. Rg3+ Kf6 26. Rg6+ Ke7 27. Rxc6 Rf6 28. Ng6+ Kf7 29. Ne5+ Ke7 30. a4 Rxc6 31. Nxc6+ Kd6 32. axb5 Bxb5 33. e5+ Kd5 34. Ra5 Kc4 35. Be6+ 1-0

[Event "Seville op 42nd"]
[Site "Seville"]
[Date "2017.01.14"]
[Round "2"]
[White "Vinal Gutierrez, Pedro"]
[Black "Lemos, Damian"]
[Result "0-1"]
[WhiteElo "2028"]
[BlackElo "2516"]
[PlyCount "64"]
[EventDate "2017.01.13"]
[EventType "swiss"]
[EventRounds "9"]
[EventCountry "ESP"]
[SourceTitle "EXT 2019"]
[Source "ChessBase"]
[SourceDate "2018.10.10"]
[SourceVersion "1"]
[SourceVersionDate "2018.10.10"]
[SourceQuality "1"]

1. d4 Nf6 2. Nf3 g6 3. Bf4 Bg7 4. e3 0-0 5. h3 c5 6. c3 d6 7. Be2 Nc6 8. 0-0 cxd4 9. cxd4 e5 10. dxe5 dxe5 11. Qxd8 Rxd8 12. Nxe5 Nd5 13. Nxc6 bxc6 14. Nc3 Nxf4 15. exf4 Rb8 16. Rfd1 Be6 17. Bf3 Rxd1+ 18. Rxd1 Rxb2 19. Rd8+ Bf8 20. Bxc6 Rc2 21. Nd5 Kg7 22. Ba8 Rc1+ 23. Kh2 Rd1 24. g4 Bc5 25. f5 gxf5 26. gxf5 Bxf5 27. Re8 Bxf2 28. Re2 Bc5 29. Nc3 Rd3 30. Ne4 Bb6 31. Ng3 Bc7 32. Rg2 Be6 0-1

[Event "Navarra-chT"]
[Site "Navarra"]
[Date "2016.11.05"]
[Round "5.7"]
[White "Zamarbide Inarrea, Borja"]
[Black "Vinal Gutierrez, Pedro"]
[Result "1/2-1/2"]
[WhiteElo "2032"]
[BlackElo "1953"]
[PlyCount "36"]
[EventDate "2016.10.08"]
[EventType "team-tourn"]
[EventRounds "7"]
[EventCountry "ESP"]
[SourceTitle "CBM 175 Extra"]
[Source "ChessBase"]
[SourceDate "2016.12.12"]
[SourceVersion "1"]
[SourceVersionDate "2016.12.12"]
[SourceQuality "1"]
[WhiteTeam "San Juan"]
[BlackTeam "Oberena"]
[WhiteTeamCountry "ESP"]
[BlackTeamCountry "ESP"]

1. e4 e6 2. d4 d5 3. Nc3 Nf6 4. Bg5 Be7 5. e5 Nfd7 6. Bxe7 Qxe7 7. Qg4 f5 8. exf6 Nxf6 9. Qh4 0-0 10. Bd3 Nc6 11. Nf3 Bd7 12. 0-0-0 Rfe8 13. Rhe1 Nb4 14. Ne5 Nxd3+ 15. Rxd3 c5 16. Nxd7 Qxd7 17. dxc5 Qc7 18. Qb4 Nd7 1/2-1/2

[Event "ESP-ch Seniors 50"]
[Site "Altea"]
[Date "2016.10.15"]
[Round "8"]
[White "Vinal Gutierrez, Pedro"]
[Black "Cantero Navarro, Antonio"]
[Result "1/2-1/2"]
[WhiteElo "1953"]
[BlackElo "2136"]
[PlyCount "30"]
[EventDate "2016.10.09"]
[EventType "swiss"]
[EventRounds "9"]
[EventCountry "ESP"]
[SourceTitle "EXT 2024"]
[Source "ChessBase"]
[SourceDate "2023.10.10"]
[SourceVersion "1"]
[SourceVersionDate "2023.10.10"]
[SourceQuality "1"]

1. d4 d5 2. c4 c6 3. cxd5 cxd5 4. Nc3 Nc6 5. Bf4 Nf6 6. e3 e6 7. Bd3 Bd6 8. Bxd6 Qxd6 9. f4 a6 10. Rc1 b5 11. Qe2 Bb7 12. Nf3 Rc8 13. 0-0 Ne7 14. Ne5 0-0 15. Qf3 Nf5 1/2-1/2

[Event "ESP-ch Seniors 50"]
[Site "Altea"]
[Date "2016.10.12"]
[Round "4"]
[White "Vinal Gutierrez, Pedro"]
[Black "Ruiz Ledo, Antonio"]
[Result "1/2-1/2"]
[WhiteElo "1953"]
[BlackElo "2097"]
[PlyCount "51"]
[EventDate "2016.10.09"]
[EventType "swiss"]
[EventRounds "9"]
[EventCountry "ESP"]
[SourceTitle "EXT 2024"]
[Source "ChessBase"]
[SourceDate "2023.10.10"]
[SourceVersion "1"]
[SourceVersionDate "2023.10.10"]
[SourceQuality "1"]

1. d4 g6 2. Nf3 Bg7 3. Bf4 Nf6 4. e3 d6 5. h3 c5 6. c3 Qb6 7. Qb3 0-0 8. Nbd2 Nc6 9. Nc4 Qxb3 10. axb3 Bf5 11. g4 Be4 12. Ncd2 cxd4 13. Nxe4 Nxe4 14. exd4 e5 15. dxe5 dxe5 16. Be3 Rfd8 17. Bb5 f6 18. Ke2 a6 19. Bc4+ Kh8 20. Bb6 Rd6 21. Rhd1 Bf8 22. Rxd6 Nxd6 23. Bc7 Ne4 24. Rd1 Re8 25. Ke1 Nb8 26. Ng1 1/2-1/2

[Event "Navarra-ch"]
[Site "Pamplona"]
[Date "2016.04.30"]
[Round "7"]
[White "Hernandez Barricarte, Miguel Angel"]
[Black "Vinal Gutierrez, Pedro"]
[Result "0-1"]
[WhiteElo "1898"]
[BlackElo "2049"]
[PlyCount "92"]
[EventDate "2016.03.05"]
[EventType "swiss"]
[EventRounds "8"]
[EventCountry "ESP"]
[SourceTitle "EXT 2018"]
[Source "ChessBase"]
[SourceDate "2017.10.13"]
[SourceVersion "1"]
[SourceVersionDate "2017.10.13"]
[SourceQuality "1"]

1. d4 d5 2. c4 e6 3. Nf3 c6 4. e3 Bd6 5. Bd3 f5 6. 0-0 Nf6 7. b3 Qe7 8. Bb2 0-0 9. Qc1 b6 10. a4 Bb7 11. Nc3 Ne4 12. Ne5 Nd7 13. f4 Nxe5 14. fxe5 Bb4 15. Bxe4 dxe4 16. Ba3 a5 17. Bxb4 axb4 18. Ne2 Rfd8 19. Qe1 c5 20. Qf2 g6 21. Rfd1 Rd7 22. h3 Qf7 23. Qh4 Bc6 24. Kh2 Rad8 25. Rd2 Kg7 26. Rad1 h6 27. Qf2 Kh7 28. g3 Qe7 29. Rf1 Qg5 30. h4 Qe7 31. Ra2 Rg8 32. Rh1 Rgd8 33. Rd1 Qg7 34. Nf4 cxd4 35. exd4 Re7 36. Qe3 Be8 37. Rad2 g5 38. hxg5 Qxg5 39. Ng2 Bh5 40. Re1 Bf3 41. Nh4 Qh5 42. d5 Rg7 43. Rg1 Rg4 44. Kh3 f4 45. Qxb6 Rdg8 46. Qc7+ R8g7 0-1

[Event "Navarra-ch"]
[Site "Pamplona"]
[Date "2016.04.16"]
[Round "5"]
[White "Vinal Gutierrez, Pedro"]
[Black "Lerendegui Lasa, Odei"]
[Result "1/2-1/2"]
[WhiteElo "2049"]
[BlackElo "1908"]
[PlyCount "94"]
[EventDate "2016.03.05"]
[EventType "swiss"]
[EventRounds "8"]
[EventCountry "ESP"]
[SourceTitle "EXT 2018"]
[Source "ChessBase"]
[SourceDate "2017.10.13"]
[SourceVersion "1"]
[SourceVersionDate "2017.10.13"]
[SourceQuality "1"]

1. e4 c5 2. Nc3 a6 3. g3 b5 4. Bg2 Bb7 5. d3 e6 6. Nh3 Be7 7. 0-0 Nf6 8. e5 Bxg2 9. Kxg2 Ng8 10. Qg4 g6 11. Ne4 Qc7 12. Bf4 Nc6 13. Nf6+ Bxf6 14. exf6 Qb6 15. Qf3 h6 16. Rfe1 0-0-0 17. Bd6 g5 18. g4 h5 19. Nxg5 hxg4 20. Qf4 Nd4 21. Ne4 Nf5 22. Kg1 Qc6 23. a4 b4 24. Bxc5 d5 25. Bxb4 Ngh6 26. Ra3 d4 27. Be7 Rd5 28. c4 Ra5 29. b4 e5 30. Qc1 Nh4 31. bxa5 Nf3+ 32. Kf1 Nf5 33. Ke2 Rxh2 34. Rh1 Qxe4+ 35. dxe4 Ng3+ 36. Kd3 Rxh1 37. Ra1 Rxc1 38. Rxc1 Nh5 39. Bb4 Nf4+ 40. Kc2 d3+ 41. Kb1 Nh3 42. Rf1 Kc7 43. Kc1 Kc6 44. Kb2 Nf4 45. Rh1 Nh3 46. Rf1 Nh2 47. Rh1 Nf3 1/2-1/2

[Event "San Sebastian op 39th"]
[Site "San Sebastian"]
[Date "2016.03.24"]
[Round "7"]
[White "Prieto Aranguren, Alain"]
[Black "Vinal Gutierrez, Pedro"]
[Result "1-0"]
[WhiteElo "2251"]
[BlackElo "2049"]
[PlyCount "93"]
[EventDate "2016.03.19"]
[EventType "swiss"]
[EventRounds "9"]
[EventCountry "ESP"]
[SourceTitle "CBM 171 Extra"]
[Source "ChessBase"]
[SourceDate "2016.04.26"]
[SourceVersion "1"]
[SourceVersionDate "2016.04.26"]
[SourceQuality "1"]

1. e4 e6 2. d4 d5 3. Bd3 dxe4 4. Bxe4 Nf6 5. Bf3 Bd6 6. Ne2 Nbd7 7. 0-0 e5 8. Ng3 0-0 9. Nf5 e4 10. Be2 Re8 11. Nxd6 cxd6 12. c4 d5 13. c5 Qc7 14. Nc3 b6 15. Nb5 Qc6 16. Nd6 bxc5 17. Nxe8 Nxe8 18. dxc5 Qxc5 19. Be3 Qd6 20. Qd2 Ndf6 21. Rfd1 Be6 22. Rac1 Qd7 23. Qc3 Qd8 24. Ba6 Ng4 25. Bd4 Qd6 26. h3 Qxa6 27. hxg4 Bxg4 28. Re1 Rc8 29. Qg3 h5 30. Rxc8 Qxc8 31. Bxa7 Qd7 32. Bd4 f6 33. Rc1 Nd6 34. Qb3 Nf5 35. Qb8+ Kh7 36. Rc7 Qa4 37. Bxf6 Qd1+ 38. Kh2 Qd2 39. Qa7 Qh6 40. Be5 h4 41. Qb7 h3 42. g3 e3 43. fxe3 Bf3 44. Rf7 Be4 45. Qd7 Qg5 46. g4 Kh6 47. Bf4 1-0